Five Flags in 45 Seconds #6 (difficulty level 77) - Statistics

General Stats
  • This quiz has been taken 308 times
  • The average score is 5 of 5
Answer Stats
Picture Answer % Correct
Kenya
98%
Andorra
93%
Fiji
92%
Zambia
89%
Tajikistan
87%
No matching quizzes found
Score Distribution
Percent of People with Each Score
Percentile by Number Answered
Your Score History
You have not taken this quiz